Thơ ca, Đi giữa mùa sen. Quê mẹ. Ngậm ngải tìm trầm Thơ; Trường ca; Truyện ngắn

Bewaard in:
Bibliografische gegevens
Hoofdauteur: Thanh Tịnh 1911-1988
Formaat: Boek
Taal:Vietnamese
Gepubliceerd in: H. Hội Nhà văn 2015
Reeks:Tác phẩm văn học được giải thưởng Nhà nước
Onderwerpen:
Tags: Voeg label toe
Geen labels, Wees de eerste die dit record labelt!
Thư viện lưu trữ: Mạng thư viện Đại học Đà Nẵng
LEADER 01443nam a2200385 4500
001 000024540
003 21028
005 20161221091229.0
008 161213s2015 viesd
041 0 |a vie 
082 1 4 |a 895.92213  |b TH-T 
100 1 |a Thanh Tịnh  |d 1911-1988 
245 1 0 |a Thơ ca, Đi giữa mùa sen. Quê mẹ. Ngậm ngải tìm trầm  |b Thơ; Trường ca; Truyện ngắn  |c Thanh Tịnh 
260 |a H.  |b Hội Nhà văn  |c 2015 
300 |a 510 tr.  |b chân dung  |c 21 cm. 
490 |a Tác phẩm văn học được giải thưởng Nhà nước 
500 |a Tên thật tác giả: Trần Văn Ninh 
650 0 4 |a Thơ Việt Nam  |x Giải thưởng  |y Thế kỷ 20 
650 0 4 |a Truyện ngắn Việt Nam  |x Giải thưởng  |y Thế kỷ 20 
650 0 4 |a Văn học Việt Nam  |x Giải thưởng  |y Thế kỷ 21 
653 |a Văn học hiện đại 
653 |a Việt Nam 
653 |a Thơ 
653 |a Truyện ngắn 
653 |a Trường ca 
OWN |a LSP 
AVA |a UDN50  |b LSP  |d 895.92213 TH-T  |e available  |t Error 5001 Not defined in file expand_doc_bib_avail.  |f 4  |g 0  |h N  |i 0  |k 1 
999 |a From the UDN01 
AVA |a UDN50  |b LSP  |d 895.92213 TH-T  |e available  |t Error 5001 Not defined in file expand_doc_bib_avail.  |f 4  |g 0  |h N  |i 0  |k 1 
TYP |a Monograph 
TYP |a Printed language 
980 |a Mạng thư viện Đại học Đà Nẵng